LEADER 00792nam0-2200265 --450 001 9910221856503321 005 20171129160359.0 100 $a20171031d1970----kmuy0itay5050 ba 101 0 $aeng 102 $aFI 105 $ay 001yy 200 1 $aAccentual responsion in greek strophic poetry$fErik Wahlstrom 210 $aHelsinki$cSocietas scientiarum fennica$d1970 215 $a22 p.$d25 cm 225 1 $aCommentationes humanarum litterarum$v47 610 0 $aPoesia greca$aMetrica 676 $a881.0109$v22$zita 700 1$aWahlstrom,$bErik$0747724 801 0$aIT$bUNINA$gREICAT$2UNIMARC 901 $aBK 912 $a9910221856503321 952 $aP2$bDFClas. 933$fFLFBC 959 $aFLFBC 996 $aAccentual responsion in greek strophic poetry$91494249 997 $aUNINA LEADER 03614nam 22006495 450 001 9910298282303321 005 20200704025453.0 010 $a94-017-9484-7 024 7 $a10.1007/978-94-017-9484-8 035 $a(CKB)3710000000269480 035 $a(EBL)1966763 035 $a(SSID)ssj0001372141 035 $a(PQKBManifestationID)11978651 035 $a(PQKBTitleCode)TC0001372141 035 $a(PQKBWorkID)11301846 035 $a(PQKB)11165636 035 $a(DE-He213)978-94-017-9484-8 035 $a(MiAaPQ)EBC1966763 035 $a(iGPub)SPNA0035591 035 $a(PPN)182094634 035 $a(EXLCZ)993710000000269480 100 $a20141028d2015 u| 0 101 0 $aeng 135 $aur|n|---||||| 181 $ctxt 182 $cc 183 $acr 200 10$aEthylene in Plants /$fedited by Chi-Kuang Wen 205 $a1st ed. 2015. 210 1$aDordrecht :$cSpringer Netherlands :$cImprint: Springer,$d2015. 215 $a1 online resource (292 p.) 300 $aDescription based upon print version of record. 311 $a94-017-9483-9 320 $aIncludes bibliographical references. 327 $aEthylene Biosynthesis and Regulation in Plants -- Isolation of Components Involved in Ethylene Signaling -- Ethylene Receptors-Biochemical Events -- The Role of Protein-Protein Interactions in Signaling by the Ethylene Receptor -- Regulatory Components of Ethylene Signal Transduction -- Ethylene Signaling: from the Endoplasmic Reticulum to the Nucleus -- Ethylene as a Plant Hormone-An Evolutionary Perspective -- Interactions of Ethylene and Other Signals -- Integration of Ethylene and Gibberellin Signaling -- Integration of Ethylene and Auxin Signaling and the Developmental Consequences of Their Crosstalk -- Ethylene and Plant Immunity -- Research Tools: Biochemical and Biophysical Techniques for Studying Ethylene Signaling -- Research Tool: Ethylene Preparation: Treatment with Ethylene and Its Replacements -- Research Tools: Ethylene Detection. 330 $aThis book focuses on recent advances in our understanding of the signal transduction pathway of ethylene, its interaction with other hormones and its roles in biological processes. It discusses at which point plants could have acquired ethylene signaling from an evolutionary perspective. Ethylene was the first gaseous hormone to be identified and triggers various responses in higher plants. Our grasp of ethylene signaling has rapidly expanded over the past two decades, due in part to the isolation of the components involved in the signal transduction pathway. The book offers a helpful guide for plant scientists and graduate students in related areas. 606 $aBotanical chemistry 606 $aPlant physiology 606 $aBiology?Technique 606 $aPlant Biochemistry$3https://scigraph.springernature.com/ontologies/product-market-codes/L14021 606 $aPlant Physiology$3https://scigraph.springernature.com/ontologies/product-market-codes/L33020 606 $aBiological Techniques$3https://scigraph.springernature.com/ontologies/product-market-codes/L28000 615 0$aBotanical chemistry. 615 0$aPlant physiology. 615 0$aBiology?Technique. 615 14$aPlant Biochemistry. 615 24$aPlant Physiology. 615 24$aBiological Techniques. 676 $a570 676 $a570.28 676 $a571.2 676 $a572572 702 $aWen$b Chi-Kuang$4edt$4http://id.loc.gov/vocabulary/relators/edt 906 $aBOOK 912 $a9910298282303321 996 $aEthylene in Plants$92502124 997 $aUNINA